[Event "XV Open Nicolo' La Rosa"]
[Site "Mazara del Vallo ITA"]
[Date "2007.08.12"]
[Round "5"]
[White "Melia, Lorenzo"]
[Black "Sgarito, Lino"]
[Result "0-1"]
[WhiteElo "1736"]
[BlackElo "1464"]
[PlyCount "82"]
[EventDate "2007.08.10"]

1. e4 d6 2. d4 g6 3. Nc3 Bg7 4. Be3 Qd7 5. Bb5 c6 6. Be2 e5 7. d5 Nf6 8. Qd2
O-O 9. dxc6 bxc6 10. O-O-O Rd8 11. h4 h5 12. Bh6 Ng4 13. Bxg7 Kxg7 14. Nh3 Ba6
15. f3 Nf6 16. Nf2 Bxe2 17. Qxe2 d5 18. exd5 cxd5 19. g4 Nc6 20. g5 Ne8 21.
Nxd5 Qf5 22. Qe4 Nd6 23. Qxf5 Nxf5 24. Nf6 Ncd4 25. Rd3 Ne2+ 26. Kd2 Rxd3+ 27.
Nxd3 Ned4 28. Nxe5 Rd8 29. Kc1 Ne2+ 30. Kb1 Neg3 31. Re1 Nxh4 32. Nc6 Rd2 33.
c4 Nxf3 34. Re3 Nxg5 35. Rxg3 Kxf6 36. Nxa7 Ne6 37. b4 Rd4 38. Re3 h4 39. a3 h3
40. Re1 h2 41. c5 Rg4 0-1

[Event "XV Open Nicolo' La Rosa"]
[Site "Mazara del Vallo ITA"]
[Date "2007.08.12"]
[Round "5"]
[White "Melograni, Francesco"]
[Black "Di Liberti, Ivan"]
[Result "1-0"]
[WhiteElo "1709"]
[BlackElo "1635"]
[PlyCount "73"]
[EventDate "2007.08.10"]

1. e4 e6 2. d4 d5 3. exd5 exd5 4. c4 Nf6 5. Nc3 Be6 6. c5 Nbd7 7. Nf3 c6 8. Bf4
Be7 9. Bd3 O-O 10. O-O b6 11. b4 a5 12. a3 Bg4 13. Qc2 Bxf3 14. gxf3 g6 15. Bg3
Nh5 16. Ne2 f5 17. f4 bxc5 18. bxc5 Bh4 19. Kg2 Bxg3 20. hxg3 Ndf6 21. Ng1 Ne4
22. Nf3 h6 23. Ne5 g5 24. Rh1 Qe8 25. Rh2 gxf4 26. Rah1 Nexg3 27. fxg3 Nxg3 28.
Rb1 Qe6 29. Rb6 Rac8 30. Bb5 Rf6 31. Rxc6 Rxc6 32. Bxc6 Ne4 33. Qb3 f3+ 34.
Kxf3 Ng5+ 35. Kg2 Rg6 36. Bxd5 Nf7+ 37. Kf2 1-0

[Event "XV Open Nicolo' La Rosa"]
[Site "Mazara del Vallo ITA"]
[Date "2007.08.12"]
[Round "5"]
[White "Meo, Antonino"]
[Black "Sant'Antonio, Giovanni"]
[Result "1-0"]
[WhiteElo "1434"]
[BlackElo "1362"]
[PlyCount "63"]
[EventDate "2007.08.10"]

1. e4 e6 2. Nf3 d5 3. e5 c5 4. Nc3 Nc6 5. b3 Nh6 6. d3 Nf5 7. g3 Be7 8. Bg2 O-O
9. O-O Qc7 10. Bf4 b5 11. Nxb5 Qd7 12. a4 Ba6 13. Qd2 Bxb5 14. axb5 Ncd4 15.
Nxd4 Nxd4 16. Qd1 Nxb5 17. Qg4 Nd4 18. Bh6 Nf5 19. Bf4 Rac8 20. c4 dxc4 21.
dxc4 f6 22. Rad1 Qc7 23. exf6 Bd6 24. Bxd6 Nxd6 25. Rxd6 Rxf6 26. Rxe6 Rxe6 27.
Qxe6+ Kf8 28. Re1 Qb8 29. Re4 Re8 30. Qf5+ Kg8 31. Qd5+ Kf8 32. Rf4+ 1-0

[Event "XV Open Nicolo' La Rosa"]
[Site "Mazara del Vallo ITA"]
[Date "2007.08.12"]
[Round "5"]
[White "Messina, Damiano"]
[Black "Sgarito, Carmelo"]
[Result "1/2-1/2"]
[WhiteElo "2033"]
[BlackElo "1925"]
[PlyCount "81"]
[EventDate "2007.08.10"]

1. e4 c6 2. d4 d5 3. Nd2 dxe4 4. Nxe4 Bf5 5. Ng3 Bg6 6. Nf3 h6 7. Bd3 Bxd3 8.
Qxd3 e6 9. O-O Nf6 10. Re1 Be7 11. a3 O-O 12. b4 Nbd7 13. c4 a5 14. Bd2 axb4
15. axb4 Qc7 16. Rxa8 Rxa8 17. Nf5 Bf8 18. Ne3 Ra4 19. Qb3 b5 20. Rc1 Qa7 21.
Nc2 Qa6 22. c5 Nd5 23. Re1 Ra2 24. g3 Be7 25. Kg2 Bf6 26. h4 Qa4 27. Qxa4 Rxa4
28. Ra1 Rxa1 29. Nxa1 e5 30. dxe5 Nxe5 31. Nxe5 Bxe5 32. Nc2 Kf8 33. f4 Bf6 34.
h5 g6 35. hxg6 fxg6 36. Kf3 Ke7 37. Ke4 h5 38. f5 gxf5+ 39. Kxf5 h4 40. gxh4
Bxh4 41. Bg5+ 1/2-1/2

[Event "XV Open Nicolo' La Rosa"]
[Site "Mazara del Vallo ITA"]
[Date "2007.08.12"]
[Round "5"]
[White "Messina, Marco"]
[Black "Fiducioso, Marco"]
[Result "1/2-1/2"]
[WhiteElo "2051"]
[BlackElo "2019"]
[PlyCount "102"]
[EventDate "2007.08.10"]

1. e4 e6 2. Qe2 Nf6 3. g3 d5 4. d3 Be7 5. Bg2 c5 6. f4 Nc6 7. Nf3 O-O 8. O-O
Qb6 9. Kh1 Qc7 10. Nc3 a6 11. a4 b6 12. h3 Bb7 13. g4 Rac8 14. g5 Nh5 15. Qf2
dxe4 16. Nxe4 Nxf4 17. Qh4 Nxg2 18. Kxg2 Nd4 19. Bf4 Nxf3 20. Rxf3 e5 21. Be3
f5 22. gxf6 Bxf6 23. Qg4 Bxe4 24. Qxe4 Qc6 25. Qc4+ Kh8 26. Raf1 Be7 27. Kg3
Qg6+ 28. Qg4 Qxg4+ 29. Kxg4 g6 30. Rxf8+ Rxf8 31. Rxf8+ Bxf8 32. Kf3 Kg7 33.
Ke4 Kf6 34. Kd5 b5 35. a5 Be7 36. Bxc5 Bxc5 37. Kxc5 g5 38. Kb6 h5 39. Kxa6 g4
40. hxg4 h4 41. Kb7 h3 42. a6 h2 43. a7 h1=Q+ 44. Kb8 Qh8+ 45. Kb7 Qg7+ 46. Kb8
Qf8+ 47. Kb7 Qe7+ 48. Kb8 Qd6+ 49. Kb7 e4 50. dxe4 Qe7+ 51. Kb8 Qe5+ 1/2-1/2

[Event "XV Open Nicolo' La Rosa"]
[Site "Mazara del Vallo ITA"]
[Date "2007.08.12"]
[Round "5"]
[White "Montalto, Antonio"]
[Black "D'Angelo, Giovanni"]
[Result "1-0"]
[WhiteElo "1814"]
[BlackElo "1440"]
[PlyCount "95"]
[EventDate "2007.08.10"]

1. e4 c6 2. d4 d5 3. e5 c5 4. c3 e6 5. Be2 Nc6 6. Nf3 Qb6 7. O-O cxd4 8. cxd4
Nge7 9. Nc3 Nf5 10. Bb5 Bb4 11. a3 Bxc3 12. Bxc6+ Qxc6 13. g4 Ne7 14. bxc3 Qxc3
15. Be3 Qc7 16. Rb1 Nc6 17. Qc2 h6 18. Nh4 Bd7 19. f4 Rc8 20. Qd3 Ne7 21. Bd2
Qc2 22. Qe3 Qc7 23. Bb4 Bc6 24. f5 exf5 25. Bxe7 Qxe7 26. Nxf5 Qd7 27. Nd6+ Kd8
28. Nxf7+ Kc7 29. Nxh8 Qxg4+ 30. Kh1 Rxh8 31. Rf7+ Kc8 32. Rbf1 Re8 33. Rg1 Qh5
34. Rgxg7 Qd1+ 35. Qg1 Qe2 36. Qg4+ Qxg4 37. Rxg4 Kb8 38. Rgf4 a5 39. Rf8 Rxf8
40. Rxf8+ Kc7 41. Rh8 b5 42. Rxh6 b4 43. Rh3 Ba4 44. axb4 axb4 45. Re3 b3 46.
Re2 Kb6 47. h4 Be8 48. Rb2 1-0

[Event "XV Open Nicolo' La Rosa"]
[Site "Mazara del Vallo ITA"]
[Date "2007.08.12"]
[Round "5"]
[White "Napoli, Nicolo'"]
[Black "Morello, Guido"]
[Result "1/2-1/2"]
[WhiteElo "2277"]
[BlackElo "1752"]
[PlyCount "89"]
[EventDate "2007.08.10"]

1. e4 c5 2. Nf3 Nc6 3. a3 d6 4. b4 Bg4 5. Bc4 e6 6. Bb2 Nf6 7. h3 Bh5 8. Nc3
Be7 9. d3 a6 10. b5 Ne5 11. g4 Nxc4 12. dxc4 Bg6 13. Qe2 Qc7 14. Kf1 Nd7 15.
Kg2 h5 16. Rae1 hxg4 17. hxg4 Rxh1 18. Rxh1 O-O-O 19. a4 Re8 20. Nh4 Ne5 21. f4
Nd7 22. Nxg6 fxg6 23. Rh7 Bf6 24. Qf3 g5 25. bxa6 bxa6 26. e5 dxe5 27. fxg5
Bxg5 28. Rxg7 Be7 29. Qa8+ Nb8 30. Ne4 Qc6 31. Qxc6+ Nxc6 32. g5 Nd4 33. g6 Nf5
34. Rh7 Rg8 35. Bxe5 Rxg6+ 36. Kf2 Rh6 37. Rf7 Kd8 38. Ng3 Rh2+ 39. Kf3 Nxg3
40. Bxg3 Rxc2 41. Ke4 Re2+ 42. Kd3 Ra2 43. Ke4 Re2+ 44. Kd3 Ra2 45. Ke4 1/2-1/2

[Event "XV Open Nicolo' La Rosa"]
[Site "Mazara del Vallo ITA"]
[Date "2007.08.12"]
[Round "5"]
[White "Palazzotto, Giuseppe"]
[Black "Di Misa, Salvatore"]
[Result "0-1"]
[WhiteElo "1887"]
[BlackElo "1548"]
[PlyCount "96"]
[EventDate "2007.08.10"]

1. d4 Nf6 2. c4 g6 3. Nc3 Bg7 4. e4 d6 5. f3 O-O 6. Be3 e5 7. d5 c6 8. Bd3 cxd5
9. cxd5 Nbd7 10. Nge2 Nc5 11. Qd2 Bd7 12. O-O a5 13. Rac1 Rc8 14. Ng3 Ne8 15.
f4 exf4 16. Bxf4 Nxd3 17. Qxd3 Qb6+ 18. Be3 Qxb2 19. Nge2 Bg4 20. Nd4 Bd7 21.
Rc2 Qb4 22. Rb1 Qc4 23. Qd2 Qa6 24. Rcb2 Qc4 25. Nce2 Nf6 26. Ng3 Rfe8 27. Rxb7
Nxe4 28. Nxe4 Rxe4 29. Nf3 Bg4 30. Rb8 Bxf3 31. gxf3 Ree8 32. R8b3 Rxe3 33.
Rxe3 Bd4 34. Rbe1 Qxd5 35. Kh1 Qc5 36. Re8+ Rxe8 37. Rxe8+ Kg7 38. Re4 Be5 39.
Rh4 h5 40. Ra4 Qc6 41. Qd1 Qc3 42. Re4 Qc5 43. Qe2 Qc3 44. f4 Qc1+ 45. Kg2 Bxf4
46. Kf3 Be5 47. Rc4 Qh1+ 48. Qg2 Qd1+ 0-1

[Event "XV Open Nicolo' La Rosa"]
[Site "Mazara del Vallo ITA"]
[Date "2007.08.12"]
[Round "5"]
[White "Palazzotto, Roberto"]
[Black "Mondello, Simone"]
[Result "0-1"]
[WhiteElo "1725"]
[BlackElo "1641"]
[PlyCount "81"]
[EventDate "2007.08.10"]

1. e4 d6 2. d4 Nf6 3. Nc3 g6 4. g3 Bg7 5. Bg2 O-O 6. Nge2 e5 7. O-O Nc6 8. d5
Ne7 9. h3 Ne8 10. f4 exf4 11. Nxf4 Nf6 12. Be3 Nd7 13. h4 Ne5 14. h5 Bg4 15.
Nce2 gxh5 16. Bd4 N7g6 17. c3 h4 18. Qe1 b6 19. Kh1 hxg3 20. Qxg3 Qh4+ 21. Qxh4
Nxh4 22. Rg1 Nxg2 23. Kxg2 Bf3+ 24. Kf2 Bxe4 25. Rae1 Bg6 26. Rg2 Rae8 27. Reg1
Kh8 28. Rh2 a5 29. Bxe5 Bxe5 30. Rh3 Rg8 31. Rgh1 Kg7 32. Nh5+ Kf8 33. Rf3 Be4
34. Rhh3 Bxf3 35. Rxf3 Rg5 36. Nef4 Bxf4 37. Nxf4 Rf5 38. Kg3 Re4 39. Kg4
Rexf4+ 40. Rxf4 Rxf4+ 41. Kxf4 0-1

[Event "XV Open Nicolo' La Rosa"]
[Site "Mazara del Vallo ITA"]
[Date "2007.08.12"]
[Round "5"]
[White "Pellegrino, Giuseppe"]
[Black "Carbone, Leonardo"]
[Result "1-0"]
[WhiteElo "1739"]
[BlackElo "1355"]
[PlyCount "43"]
[EventDate "2007.08.10"]

1. b3 e5 2. Bb2 Nc6 3. e3 d6 4. Bb5 Bd7 5. Ne2 Nf6 6. O-O Be7 7. Nbc3 O-O 8.
Ng3 Nb4 9. Bxd7 Qxd7 10. a3 Nbd5 11. Nxd5 Nxd5 12. e4 Nf4 13. d4 Qc6 14. dxe5
Bh4 15. exd6 Bxg3 16. fxg3 Qxe4 17. Rxf4 Qc6 18. Qg4 f6 19. Raf1 Kf7 20. Bxf6
Rg8 21. Bh4+ Ke8 22. Qe6# 1-0

[Event "XV Open Nicolo' La Rosa"]
[Site "Mazara del Vallo ITA"]
[Date "2007.08.12"]
[Round "5"]
[White "Piazza, Massimiliano"]
[Black "Pipitone, Claudio"]
[Result "0-1"]
[WhiteElo "1428"]
[BlackElo "1646"]
[PlyCount "48"]
[EventDate "2007.08.10"]

1. d4 Nf6 2. c4 g6 3. Nc3 d6 4. e4 Bg7 5. f3 O-O 6. Be3 Nbd7 7. Qd2 Re8 8.
O-O-O c5 9. d5 a6 10. g4 Ne5 11. h4 Nfxg4 12. fxg4 Bxg4 13. Re1 f5 14. Be2 fxe4
15. Nxe4 Bxe2 16. Qxe2 Qa5 17. Nc3 b5 18. cxb5 axb5 19. Qxb5 Qxb5 20. Nxb5 Rxa2
21. Kb1 Rea8 22. Re2 Nd3 23. b3 Rxe2 24. Nxe2 Ra1+ 0-1

[Event "XV Open Nicolo' La Rosa"]
[Site "Mazara del Vallo ITA"]
[Date "2007.08.12"]
[Round "5"]
[White "Pipitone, Marco"]
[Black "Solinas, Vittorio"]
[Result "0-1"]
[WhiteElo "1176"]
[BlackElo "1446"]
[PlyCount "54"]
[EventDate "2007.08.10"]

1. e4 e5 2. Nf3 Nc6 3. Nc3 Nf6 4. Bb5 Bc5 5. Bxc6 dxc6 6. d3 Bg4 7. Bg5 h6 8.
h3 hxg5 9. hxg4 Rxh1+ 10. Ke2 Rxd1 11. Kxd1 Qe7 12. Nxg5 O-O-O 13. Na4 Nxg4 14.
Nxc5 Qxc5 15. Kd2 Qxf2+ 16. Kc3 Qd4+ 17. Kd2 Qe3+ 18. Kc3 Qxg5 19. Rf1 Nf6 20.
b3 Qxg2 21. Rd1 Nxe4+ 22. Kb4 Qxc2 23. Re1 Qd2+ 24. Ka3 Qxe1 25. b4 Rxd3+ 26.
Kb2 Qe2+ 27. Kc1 Rd1# 0-1

[Event "XV Open Nicolo' La Rosa"]
[Site "Mazara del Vallo ITA"]
[Date "2007.08.12"]
[Round "5"]
[White "Profera, Bruno"]
[Black "Oddo, Salvatore"]
[Result "1-0"]
[WhiteElo "1380"]
[BlackElo "1601"]
[PlyCount "67"]
[EventDate "2007.08.10"]

1. e4 d6 2. Nf3 e6 3. d4 Bd7 4. Nc3 Be7 5. Bc4 Nc6 6. d5 exd5 7. exd5 Nb8 8.
O-O Nf6 9. Re1 O-O 10. Bg5 Bg4 11. h3 Bh5 12. Qe2 Re8 13. Bxf6 gxf6 14. Bb5 Nd7
15. Bxd7 Qxd7 16. Qb5 c6 17. dxc6 bxc6 18. Qxh5 d5 19. Qg4+ Qxg4 20. hxg4 a6
21. Nd4 Rac8 22. Nf5 Kf8 23. Nxe7 Rxe7 24. Rxe7 Kxe7 25. f3 Kd6 26. Kf2 Re8 27.
Rh1 Rh8 28. Rd1 h5 29. gxh5 Rxh5 30. Ne4+ Ke5 31. Nc5 a5 32. Nd7+ Ke6 33. Nc5+
Kd6 34. Nb7+ 1-0

[Event "XV Open Nicolo' La Rosa"]
[Site "Mazara del Vallo ITA"]
[Date "2007.08.12"]
[Round "5"]
[White "Riceputi, Vincenzo"]
[Black "Bocci, Alessandro"]
[Result "1/2-1/2"]
[WhiteElo "1882"]
[BlackElo "1929"]
[PlyCount "108"]
[EventDate "2007.08.10"]

1. e4 c5 2. Nf3 Nc6 3. d4 cxd4 4. Nxd4 Qc7 5. c4 e6 6. Nb5 Qb8 7. Be3 a6 8.
N5c3 Nf6 9. Be2 Bb4 10. a3 Be7 11. Nd2 O-O 12. Na4 Qc7 13. Nb6 Rb8 14. O-O d6
15. Rc1 Nd7 16. Nxd7 Bxd7 17. b4 Bf6 18. Qc2 Nd4 19. Bxd4 Bxd4 20. Nf3 Bf6 21.
Bd3 g6 22. Qe2 Rfc8 23. c5 dxc5 24. Rxc5 Bc6 25. Rfc1 Qd7 26. Qc2 Rd8 27. Be2
Ba4 28. Qc4 Bb5 29. Qc2 Bxe2 30. Qxe2 Qd3 31. Qxd3 Rxd3 32. e5 Be7 33. Rc7 Rbd8
34. Kf1 R3d7 35. Ke2 Kf8 36. R1c2 Ke8 37. Nd2 Rxc7 38. Rxc7 Rd7 39. Rc8+ Rd8
40. Rc7 Rd7 41. Rc4 h5 42. f4 Kd8 43. Ke3 Rc7 44. Rxc7 Kxc7 45. Kd4 a5 46. Kc4
axb4 47. axb4 g5 48. g3 h4 49. Ne4 hxg3 50. hxg3 gxf4 51. gxf4 Kb6 52. b5 Kc7
53. Nf2 Bh4 54. Ne4 Be7 1/2-1/2

[Event "XV Open Nicolo' La Rosa"]
[Site "Mazara del Vallo ITA"]
[Date "2007.08.12"]
[Round "5"]
[White "Roberti, Ignazio"]
[Black "Imburgia, Giuseppe"]
[Result "1-0"]
[WhiteElo "1960"]
[BlackElo "1557"]
[PlyCount "93"]
[EventDate "2007.08.10"]

1. Nf3 Nf6 2. c4 d6 3. b3 e5 4. Bb2 g6 5. d3 Bg7 6. g3 Be6 7. Bg2 Nc6 8. Nc3
Qd7 9. h3 h6 10. Qd2 a6 11. a3 Nd4 12. Nxd4 exd4 13. Na4 d5 14. Nc5 Qc6 15.
Bxd4 b6 16. Nxe6 fxe6 17. cxd5 exd5 18. Rc1 Qd6 19. Qc3 O-O 20. Qxc7 Qxa3 21.
Bxf6 Rf7 22. Bxd5 Qa5+ 23. Qc3 Qxd5 24. e4 Qd7 25. Bxg7 Rxg7 26. Qc6 Qd8 27.
Ke2 Rb8 28. Rc4 b5 29. Rc5 Kh7 30. Rhc1 Rb6 31. Qc8 Qd4 32. Rc7 Rf6 33. Rxg7+
Kxg7 34. Rc7+ Rf7 35. Rxf7+ Kxf7 36. Qb7+ Kf8 37. Qc8+ Kf7 38. Qc7+ Kf8 39.
Qf4+ Kg7 40. e5 Qb2+ 41. Kf3 Qxb3 42. Qf6+ Kh7 43. Qe7+ Kg8 44. Qd8+ Kg7 45.
Qd7+ Kg8 46. e6 Qd1+ 47. Kg2 1-0

[Event "XV Open Nicolo' La Rosa"]
[Site "Mazara del Vallo ITA"]
[Date "2007.08.12"]
[Round "6"]
[White "Bocci, Alessandro"]
[Black "Pipitone, Claudio"]
[Result "1/2-1/2"]
[WhiteElo "1929"]
[BlackElo "1646"]
[PlyCount "105"]
[EventDate "2007.08.10"]

1. d4 Nf6 2. c4 d6 3. Nf3 g6 4. Nc3 Bg7 5. e4 O-O 6. Be2 e5 7. d5 Nbd7 8. Bg5
a5 9. Nd2 Nc5 10. b3 Bd7 11. a3 c6 12. b4 axb4 13. axb4 Rxa1 14. Qxa1 Na6 15.
Qb1 Qb6 16. Na2 cxd5 17. exd5 Bf5 18. Qb3 Ne4 19. Nxe4 Bxe4 20. O-O Bf5 21. Be3
Qc7 22. c5 dxc5 23. Bxa6 bxa6 24. bxc5 Rb8 25. Qc4 Bd7 26. c6 Bc8 27. Rd1 Bf8
28. Bc5 Bd6 29. Nc3 f5 30. Bxd6 Qxd6 31. Rb1 Rxb1+ 32. Nxb1 a5 33. Nc3 Kg7 34.
Nb5 Qb4 35. Qxb4 axb4 36. d6 Kf7 37. d7 Bxd7 38. cxd7 Ke7 39. d8=Q+ Kxd8 40.
Nd6 Kc7 41. Nc4 e4 42. Kf1 Kc6 43. Ke2 Kc5 44. Nb2 Kd4 45. Kd2 b3 46. h4 h6 47.
g3 g5 48. h5 f4 49. g4 e3+ 50. fxe3+ fxe3+ 51. Ke2 Ke4 52. Nd3 Kd4 53. Nb2
1/2-1/2

[Event "XV Open Nicolo' La Rosa"]
[Site "Mazara del Vallo ITA"]
[Date "2007.08.12"]
[Round "6"]
[White "Bonanno, Giuseppe"]
[Black "Montalto, Antonio"]
[Result "1-0"]
[WhiteElo "1569"]
[BlackElo "1814"]
[PlyCount "86"]
[EventDate "2007.08.10"]

1. e4 e5 2. Nf3 Nc6 3. Bc4 d6 4. d4 Be7 5. Nc3 Bg4 6. dxe5 Nxe5 7. Be2 Nxf3+ 8.
Bxf3 Be6 9. O-O c6 10. Re1 Qc7 11. Bf4 Rd8 12. Qe2 Bf6 13. Rad1 Ne7 14. Qe3 a6
15. a3 O-O 16. Rd2 Ng6 17. Bg3 Ne5 18. Be2 Nc4 19. Bxc4 Bxc4 20. b3 Be6 21.
Red1 Qa5 22. Nb1 Be5 23. f4 Bf6 24. f5 Bc8 25. Rxd6 Rxd6 26. Rxd6 Be7 27. b4
Qb5 28. Rd4 c5 29. Rd5 b6 30. Qd2 Qc6 31. c3 Bb7 32. Qd3 cxb4 33. axb4 Qh6 34.
Rd7 Qc1+ 35. Kf2 Bc6 36. Rd4 a5 37. Nd2 axb4 38. cxb4 Qb2 39. Kf3 Bxb4 40. Bf4
Bc5 41. Rd8 g6 42. Bh6 gxf5 43. Rxf8+ Bxf8 1-0

[Event "XV Open Nicolo' La Rosa"]
[Site "Mazara del Vallo ITA"]
[Date "2007.08.12"]
[Round "6"]
[White "Bruno, Yama"]
[Black "Messina, Damiano"]
[Result "1/2-1/2"]
[WhiteElo "1659"]
[BlackElo "2033"]
[PlyCount "126"]
[EventDate "2007.08.10"]

1. d4 Nf6 2. c4 g6 3. Nf3 Bg7 4. Nc3 d5 5. Bf4 O-O 6. e3 e6 7. Qb3 c6 8. cxd5
exd5 9. Bd3 Re8 10. O-O Qe7 11. Rac1 Nbd7 12. Na4 Ne4 13. Qc2 h6 14. a3 g5 15.
Bc7 Ndc5 16. Nxc5 Nxc5 17. Qxc5 Qxc7 18. Qxd5 Be6 19. Qc5 Bf8 20. Qc2 Bd6 21.
g3 Bh3 22. Rfe1 Qd7 23. Bf1 Bg4 24. Bg2 Bc7 25. b4 a6 26. Qc4 Be6 27. Qc2 Bf5
28. Qc3 Rad8 29. Red1 Bb8 30. Qc5 Bg4 31. Rf1 Bd6 32. Qc2 Bf5 33. Qc3 Kh7 34.
Rfe1 Re7 35. Qc4 Bb8 36. Red1 Bg4 37. Rd2 Qf5 38. Qc2 f6 39. Qxf5+ Bxf5 40. Rb2
Be4 41. Ne1 f5 42. Bxe4 Rxe4 43. Nd3 f4 44. Nc5 Re7 45. Rb3 Rde8 46. Rcc3 Kg6
47. Kg2 h5 48. gxf4 gxf4 49. Nxb7 Rxb7 50. Rxc6+ Kf5 51. Rxa6 Rbe7 52. Kf3 fxe3
53. Ra5+ Kg6 54. fxe3 Bxh2 55. b5 Bg1 56. d5 Rxe3+ 57. Rxe3 Bxe3 58. Ra6+ Kf5
59. Rc6 Bd4 60. a4 Rd8 61. d6 Ke6 62. a5 Rxd6 63. Rxd6+ Kxd6 1/2-1/2

[Event "XV Open Nicolo' La Rosa"]
[Site "Mazara del Vallo ITA"]
[Date "2007.08.12"]
[Round "6"]
[White "Carbone, Leonardo"]
[Black "Nobile, Angelo"]
[Result "1-0"]
[WhiteElo "1355"]
[BlackElo "1413"]
[PlyCount "115"]
[EventDate "2007.08.10"]

1. e4 e6 2. Nc3 d5 3. d3 Bb4 4. Bd2 Nc6 5. Nf3 Nge7 6. a3 Bc5 7. Qe2 Nd4 8.
Nxd4 Bxd4 9. O-O-O O-O 10. b4 Nc6 11. f4 Qf6 12. g4 Bxc3 13. e5 Bxe5 14. fxe5
Qxe5 15. Qxe5 Nxe5 16. h3 Nf3 17. Bc3 Ng5 18. Bg2 Re8 19. h4 d4 20. Bxd4 e5 21.
Rde1 Bxg4 22. Rxe5 Rxe5 23. Bxe5 Bf3 24. Rg1 Bxg2 25. hxg5 Re8 26. Bxc7 Re2 27.
Rd1 Bf3 28. d4 Re4 29. Rd3 Be2 30. Rd2 Re7 31. Bg3 h5 32. Bf2 Re4 33. d5 Kf8
34. d6 Ke8 35. Bxa7 Bb5 36. Bb6 Re1+ 37. Rd1 Rxd1+ 38. Kxd1 Kd7 39. Bc5 h4 40.
Bg1 Kxd6 41. Bh2+ Kd5 42. c3 Ba4+ 43. Kd2 Kc4 44. Bd6 h3 45. Be5 g6 46. Ke2 Bc6
47. Kf2 f5 48. gxf6 Kb3 49. f7 h2 50. Bxh2 Kxc3 51. f8=Q Kb3 52. Be5 Kxa3 53.
Qc5 g5 54. Ke2 g4 55. Kd2 g3 56. Bxg3 Ba4 57. Qc3+ Bb3 58. Bd6 {...} 1-0

[Event "XV Open Nicolo' La Rosa"]
[Site "Mazara del Vallo ITA"]
[Date "2007.08.12"]
[Round "6"]
[White "Cerami, Giuseppe"]
[Black "Ferrante, Filippo"]
[Result "1-0"]
[WhiteElo "1781"]
[BlackElo "1514"]
[PlyCount "97"]
[EventDate "2007.08.10"]

1. b4 e6 2. Bb2 Nf6 3. b5 d5 4. e3 Nbd7 5. c4 c6 6. a4 a5 7. Nf3 Be7 8. Be2 O-O
9. d3 Re8 10. Nbd2 Nf8 11. Ne5 Qc7 12. f4 Bd6 13. Rc1 N8d7 14. Nxd7 Bxd7 15. g4
Rf8 16. g5 Ne8 17. c5 Bxf4 18. exf4 Qxf4 19. Nf3 cxb5 20. axb5 Bxb5 21. Qb3 Bc6
22. Qc3 Qb4 23. Qxb4 axb4 24. Ra1 Nc7 25. O-O Rxa1 26. Rxa1 Ra8 27. Rxa8+ Nxa8
28. Nd4 Nc7 29. Nxc6 bxc6 30. d4 f6 31. h4 fxg5 32. hxg5 h6 33. gxh6 gxh6 34.
Kg2 Kg7 35. Kg3 Kf6 36. Bc1 Nb5 37. Bxb5 cxb5 38. Bxh6 Ke7 39. Bc1 Kd7 40. Kf4
Ke7 41. Ke5 b3 42. c6 Kd8 43. Kxe6 Kc7 44. Kxd5 b4 45. Kc5 b2 46. Bxb2 b3 47.
d5 Kd8 48. Kd6 Kc8 49. c7 1-0

[Event "XV Open Nicolo' La Rosa"]
[Site "Mazara del Vallo ITA"]
[Date "2007.08.12"]
[Round "6"]
[White "Colicchia, Vincenzo"]
[Black "Piazza, Massimiliano"]
[Result "1-0"]
[WhiteElo "1835"]
[BlackElo "1428"]
[PlyCount "105"]
[EventDate "2007.08.10"]

1. e4 c5 2. Nf3 d6 3. Bc4 Nf6 4. d3 g6 5. h3 Bg7 6. c3 a6 7. O-O b5 8. Bb3 O-O
9. Bg5 h6 10. Be3 Bb7 11. Qc1 Kh7 12. Rd1 Nc6 13. Nbd2 Nd7 14. Nf1 Rc8 15. N1h2
Nde5 16. Nxe5 Nxe5 17. f4 Nxd3 18. Rxd3 c4 19. Bxc4 bxc4 20. Rd1 Bxe4 21. Bd4
Bxd4+ 22. Rxd4 Qb6 23. Kh1 Qb7 24. Qd2 Rc5 25. Re1 Bc6 26. Ng4 Rd5 27. Rxd5
Bxd5 28. f5 gxf5 29. Qxh6+ Kg8 30. Qg5+ Kh8 31. Qh5+ Kg7 32. Qxf5 Rh8 33. Qg5+
Kf8 34. Nh6 Bxg2+ 35. Kh2 Qf3 36. Qxe7+ Kg7 37. Qg5+ Kf8 38. Qxg2 Qxg2+ 39.
Kxg2 Rxh6 40. Re4 d5 41. Re5 Rd6 42. Kg3 Kg7 43. h4 Kh6 44. Kg4 Rg6+ 45. Kf4
Re6 46. Ke3 Rb6 47. Rxd5 Rxb2 48. Rd6+ Kh5 49. Rxa6 Kxh4 50. a4 Rb8 51. a5 Rc8
52. Rb6 f5 53. Kf4 1-0

[Event "XV Open Nicolo' La Rosa"]
[Site "Mazara del Vallo ITA"]
[Date "2007.08.12"]
[Round "6"]
[White "D'Angelo, Giovanni"]
[Black "Pipitone, Marco"]
[Result "1-0"]
[WhiteElo "1440"]
[BlackElo "1176"]
[PlyCount "47"]
[EventDate "2007.08.10"]

1. e4 e5 2. Nf3 Nc6 3. Bc4 Nf6 4. Ng5 Qe7 5. Nxf7 Rg8 6. Ng5 Na5 7. Bxg8 Nxg8
8. d3 Qb4+ 9. Nc3 Qe7 10. Qh5+ g6 11. Qxh7 Qxh7 12. Nxh7 Bb4 13. Bd2 Bxc3 14.
Bxc3 Nc6 15. O-O d6 16. f4 exf4 17. Rxf4 a5 18. Rf8+ Ke7 19. Rxg8 Kf7 20. Rf8+
Ke7 21. Raf1 Ke6 22. R1f6+ Ke7 23. R6f7+ Ke6 24. Rxc7 1-0

[Event "XV Open Nicolo' La Rosa"]
[Site "Mazara del Vallo ITA"]
[Date "2007.08.12"]
[Round "6"]
[White "Di Dia, Benedetto"]
[Black "Sgarito, Carmelo"]
[Result "0-1"]
[WhiteElo "1584"]
[BlackElo "1925"]
[PlyCount "56"]
[EventDate "2007.08.10"]

1. e4 c6 2. d4 d5 3. e5 Bf5 4. Nf3 h6 5. c4 dxc4 6. Bxc4 e6 7. a3 Ne7 8. O-O
Nd5 9. Bd2 Be7 10. Nc3 Nd7 11. Nxd5 cxd5 12. Bb5 a6 13. Bxd7+ Qxd7 14. Qb3 O-O
15. Rfc1 Rfc8 16. Ba5 b5 17. Rxc8+ Rxc8 18. h3 Rc2 19. a4 b4 20. Bxb4 Qb7 21.
Ne1 Rc4 22. Ra2 Qxb4 23. Qxb4 Rxb4 24. g4 Bg6 25. Nf3 Be4 26. Kg2 Bxf3+ 27.
Kxf3 Rxd4 28. b3 Rd3+ 0-1

[Event "XV Open Nicolo' La Rosa"]
[Site "Mazara del Vallo ITA"]
[Date "2007.08.12"]
[Round "6"]
[White "Di Liberti, Ivan"]
[Black "La Bella, Massimiliano"]
[Result "0-1"]
[WhiteElo "1635"]
[BlackElo "1826"]
[PlyCount "54"]
[EventDate "2007.08.10"]

1. d4 Nf6 2. c4 e6 3. Nc3 Bb4 4. e3 O-O 5. Bd2 c5 6. Nf3 d5 7. a3 Bxc3 8. Bxc3
cxd4 9. exd4 Nc6 10. Be2 Ne4 11. Qc2 Nxc3 12. bxc3 b6 13. O-O Ba6 14. cxd5 Bxe2
15. Qxe2 Qxd5 16. Rfd1 Na5 17. Ne5 Rfc8 18. Qd3 Nc4 19. Nxc4 Rxc4 20. Qe3 Rac8
21. Rd3 Qa5 22. Qf3 Rxc3 23. Rxc3 Qxc3 24. Qxc3 Rxc3 25. g3 Kf8 26. Kg2 Rd3 27.
Rc1 Rxa3 0-1

[Event "XV Open Nicolo' La Rosa"]
[Site "Mazara del Vallo ITA"]
[Date "2007.08.12"]
[Round "6"]
[White "Di Misa, Salvatore"]
[Black "Roberti, Ignazio"]
[Result "0-1"]
[WhiteElo "1548"]
[BlackElo "1960"]
[PlyCount "84"]
[EventDate "2007.08.10"]

1. d4 d5 2. c4 Nf6 3. Nc3 c6 4. Nf3 g6 5. Bf4 Bg7 6. e3 Qb6 7. Qc2 Bf5 8. Qd2
O-O 9. Be2 Nbd7 10. Ne5 Nxe5 11. Bxe5 Ne4 12. Nxe4 Bxe5 13. Ng3 Bg7 14. Nxf5
gxf5 15. Rb1 a5 16. g4 f4 17. cxd5 cxd5 18. Bd3 fxe3 19. fxe3 Qe6 20. Bf5 Qf6
21. Qd3 Qh4+ 22. Ke2 e6 23. Rbg1 Rac8 24. Rg3 Rc6 25. Rhg1 Rfc8 26. Kd2 Qxh2+
27. R1g2 Qh4 28. e4 Qg5+ 29. Ke2 Rc2+ 30. Kf3 Rxg2 31. Rxg2 exf5 32. gxf5 Qh5+
33. Kf2 Qh4+ 34. Rg3 dxe4 35. Qd2 e3+ 36. Qxe3 Kf8 37. Qa3+ Kg8 38. Qd6 Kh8 39.
Kf3 Qxd4 40. Qe7 Qd5+ 41. Kg4 Rc4+ 42. Kh3 Qh1# 0-1

[Event "XV Open Nicolo' La Rosa"]
[Site "Mazara del Vallo ITA"]
[Date "2007.08.12"]
[Round "6"]
[White "Di Misa, Serafino"]
[Black "Cassia, Giuseppe"]
[Result "1-0"]
[WhiteElo "1491"]
[BlackElo "1484"]
[PlyCount "119"]
[EventDate "2007.08.10"]

1. e4 c5 2. c3 Nc6 3. Nf3 d6 4. d4 cxd4 5. cxd4 e5 6. dxe5 Nxe5 7. Nxe5 Qa5+ 8.
Nc3 Qxe5 9. Bb5+ Bd7 10. Bxd7+ Kxd7 11. Qa4+ Kd8 12. O-O Nf6 13. Qb3 Qe7 14.
Bg5 b6 15. Bxf6 Qxf6 16. Rfd1 Qe6 17. Rd5 Rc8 18. Rad1 Rc6 19. Qa3 a5 20. e5
Kc8 21. exd6 Bxd6 22. Rxd6 Rxd6 23. Qxd6 Qxd6 24. Rxd6 Re8 25. h3 Re1+ 26. Kh2
Rf1 27. Rxb6 Rxf2 28. Rb5 f5 29. Kg3 Rc2 30. Na4 f4+ 31. Kf3 Rd2 32. Rxa5 h6
33. Rc5+ Kb7 34. h4 Rd3+ 35. Ke2 Rg3 36. Kf2 Rg4 37. h5 f3 38. b3 Rxg2+ 39.
Kxf3 Rxa2 40. Re5 Rd2 41. Re7+ Ka6 42. Rxg7 Rd5 43. Kg4 Rd4+ 44. Kf3 Ka5 45.
Rg6 Rd3+ 46. Kf4 Rxb3 47. Rxh6 Rb4+ 48. Kf5 Kxa4 49. Rg6 Rb5+ 50. Kg4 Rb4+ 51.
Kg5 Rb5+ 52. Kh6 Rb7 53. Rg7 Rb6+ 54. Kh7 Rb8 55. Rf7 Kb5 56. Kg7 Kc6 57. h6
Kd6 58. h7 Ke6 59. Rf8 Rb1 60. Rf6+ 1-0